00440nam a2200169Ia 4500003000400000005001700004008004100021020001800062040000700080041000800087082001900095100002300114245006400137260004000201300001600241365001300257OSt20230427103043.0210423s2008 xx 000 0 und d a9788130906768 cAL aeng a820.9 BLOV223 aBLOOM (Harold),Ed. aViva modern critical interpretations Sophocles oedipus rex. aNew DelhibViva Books Pvt Ltdc2008 avii,245bPB b165cINR